| 000 | 00604nam a2200169Ia 4500 | ||
|---|---|---|---|
| 008 | 220216s9999 xx 000 0 und d | ||
| 100 | _aGeorge Sherin | ||
| 245 | 0 | _aIntegrated weed management in rubber (Hevea brasiliensis) | |
| 260 | _bFood and Environment : 2nd International Agronomy Congress on Balancing Food and Environmental Security- A continuing Challenge : Extended Summaries. V.2, New Delhi, November 26-30, 2002 | ||
| 650 | _aHevea brasiliensis | ||
| 650 | _aWeed management | ||
| 700 | _aJoseph K | ||
| 700 | _aPhilip V | ||
| 700 | _aPunnoose K I | ||
| 856 | _uReprint | ||
| 942 | _cJS | ||
| 999 |
_c61476 _d61476 |
||